Normal view MARC view
  • Prominent

Entry Personal Name

Number of records used in: 1

001 - CONTROL NUMBER

  • control field: 5972

003 - CONTROL NUMBER IDENTIFIER

  • control field: OSt

005 - DATE AND TIME OF LATEST TRANSACTION

  • control field: 20180208125237.0

008 - FIXED-LENGTH DATA ELEMENTS

  • fixed length control field: 180208|| aca||aabn | a|a d

040 ## - CATALOGING SOURCE

  • Original cataloging agency: OSt
  • Transcribing agency: OSt

100 ## - HEADING--PERSONAL NAME

  • Personal name: Prominent

670 ## - SOURCE DATA FOUND

  • Source citation: Work cat.: (OSt): Prominent, Scary Ghost Stories to Chill You, 2012

Powered by Koha